| 000 | 01456nam a2200337 a 4500 | ||
|---|---|---|---|
| 001 | ebr10017951 | ||
| 003 | CaPaEBR | ||
| 006 | m u | ||
| 007 | cr cn||||||||| | ||
| 008 | 980911s1999 ctu sb 001 0 eng | ||
| 010 | _z 98044207 | ||
| 020 | _z0897895592 (alk. paper) | ||
| 040 |
_aCaPaEBR _cCaPaEBR |
||
| 035 | _a(OCoLC)614677998 | ||
| 050 | 1 | 4 |
_aLB1776.5 _b.M35 1999eb |
| 082 | 0 | 4 |
_a373.11/0023 _221 |
| 100 | 1 | _aMaloy, Robert W. | |
| 245 | 1 | 4 |
_aThe essential career guide to becoming a middle and high school teacher _h[electronic resource] / _cRobert W. Maloy, Irving Seidman. |
| 260 |
_aWestport, Conn. : _bBergin & Garvey, _c1999. |
||
| 300 | _axiv, 237 p. | ||
| 504 | _aIncludes bibliographical references (p. [227]-232) and index. | ||
| 533 |
_aElectronic reproduction. _bPalo Alto, Calif. : _cebrary, _d2013. _nAvailable via World Wide Web. _nAccess may be limited to ebrary affiliated libraries. |
||
| 650 | 0 |
_aMiddle school teaching _xVocational guidance _zUnited States. |
|
| 650 | 0 |
_aHigh school teaching _xVocational guidance _zUnited States. |
|
| 650 | 0 |
_aMiddle school teachers _xTraining of _zUnited States. |
|
| 650 | 0 |
_aHigh school teachers _xTraining of _zUnited States. |
|
| 655 | 7 |
_aElectronic books. _2local |
|
| 700 | 1 |
_aSeidman, Irving, _d1937- |
|
| 710 | 2 | _aebrary, Inc. | |
| 856 | 4 | 0 |
_uhttp://site.ebrary.com/lib/rucke/Doc?id=10017951 _zAn electronic book accessible through the World Wide Web; click to view |
| 999 |
_c12373 _d12373 |
||